| 000 -LEADER |
| fixed length control field |
01127pab a2200205 454500 |
| 008 - FIXED-LENGTH DATA ELEMENTS--GENERAL INFORMATION |
| fixed length control field |
180718b2008 xxu||||| |||| 00| 0 eng d |
| 100 ## - MAIN ENTRY--PERSONAL NAME |
| Personal name |
Baru, Rama V. |
| 245 ## - TITLE STATEMENT |
| Title |
Blurring of boundaries: public-private partnerships in health services in India |
| 260 ## - PUBLICATION, DISTRIBUTION, ETC. |
| Date of publication, distribution, etc. |
2008 |
| 300 ## - PHYSICAL DESCRIPTION |
| Extent |
p.62-71. |
| 362 ## - DATES OF PUBLICATION AND/OR SEQUENTIAL DESIGNATION |
| Dates of publication and/or sequential designation |
26 Jan |
| 520 ## - SUMMARY, ETC. |
| Summary, etc. |
This paper traces the evolution, structure and characteristics of public-private partnerships in health care over the last six decades. It argues that these partnerships have broken down the traditional boundaries between the market and the state, leading to the emergence of multiple actors with multiple roles and newer institutional arrangements that have redefined their role, power and authority. The fragmentation of role and authority has serious consequences for comprehensiveness, governance and accountability of health services. - Reproduced. |
| 650 ## - SUBJECT ADDED ENTRY--TOPICAL TERM |
| Topical term or geographic name entry element |
Health services - India |
| 650 ## - SUBJECT ADDED ENTRY--TOPICAL TERM |
| Topical term or geographic name entry element |
Public private partnerships - India |
| 650 ## - SUBJECT ADDED ENTRY--TOPICAL TERM |
| Topical term or geographic name entry element |
Public private partnerships |
| 700 ## - ADDED ENTRY--PERSONAL NAME |
| Personal name |
Nundy, Madhurima |
| 773 ## - HOST ITEM ENTRY |
| Main entry heading |
Economic and Political Weekly |
| 908 ## - PUT COMMAND PARAMETER (RLIN) |
| Put command parameter |
N |
| 909 ## - |
| -- |
77321 |